Credit Risk Modeling: (Record no. 9389)
[ view plain ]
| 000 -LEADER | |
|---|---|
| fixed length control field | 00589nam a22001937a 4500 |
| 003 - CONTROL NUMBER IDENTIFIER | |
| control field | OSt |
| 005 - DATE AND TIME OF LATEST TRANSACTION | |
| control field | 20240920132228.0 |
| 008 - FIXED-LENGTH DATA ELEMENTS--GENERAL INFORMATION | |
| fixed length control field | 240920b |||||||| |||| 00| 0 eng d |
| 020 ## - INTERNATIONAL STANDARD BOOK NUMBER | |
| International Standard Book Number | 157958005x |
| 040 ## - CATALOGING SOURCE | |
| Original cataloging agency | MUST |
| Transcribing agency | DDC |
| 082 ## - DEWEY DECIMAL CLASSIFICATION NUMBER | |
| Classification number | 658.88 CRE 1998 |
| 100 ## - MAIN ENTRY--PERSONAL NAME | |
| Personal name | Edited by Mays Elizabeth |
| 9 (RLIN) | 19170 |
| 245 ## - TITLE STATEMENT | |
| Title | Credit Risk Modeling: |
| Remainder of title | Design and Applications. |
| Statement of responsibility, etc. | Edited by Mays Elizabeth |
| 260 ## - PUBLICATION, DISTRIBUTION, ETC. (IMPRINT) | |
| Place of publication, distribution, etc. | Chicago and London; |
| Name of publisher, distributor, etc. | Fitzroy Dearborn Publishers , |
| Date of publication, distribution, etc. | 1998. |
| 300 ## - PHYSICAL DESCRIPTION | |
| Extent | xiv,257p.: |
| Other physical details | ill; |
| Dimensions | 23.4cm. |
| 504 ## - BIBLIOGRAPHY, ETC. NOTE | |
| Bibliography, etc | Includes Indexes |
| 650 ## - SUBJECT ADDED ENTRY--TOPICAL TERM | |
| Topical term or geographic name as entry element | Management |
| 9 (RLIN) | 364 |
| 942 ## - ADDED ENTRY ELEMENTS (KOHA) | |
| Source of classification or shelving scheme | Dewey Decimal Classification |
| Koha item type | Open Shelf |
| Withdrawn status | Lost status | Source of classification or shelving scheme | Damaged status | Not for loan | Home library | Current library | Source of acquisition | Inventory number | Total Checkouts | Full call number | Barcode | Date last seen | Koha item type |
|---|---|---|---|---|---|---|---|---|---|---|---|---|---|
| Dewey Decimal Classification | MUST Main Library | MUST Main Library | PURCHASE | 12/36343 | 658.88 CRE 1998 | 2024-22386 | 20/09/2024 | Open Shelf |
